000 01249cam a2200265 i 4500
003 SA-RiAUC
005 20241029143019.0
008 241029s2004 su g 00010 ara c
040 _aKAPL
_bara
_cSA-RiAUC
_erda
072 7 _a028
082 0 4 _a251
092 _a251
_bم ا ع
100 1 _aماء العينين، محمد المصطفى بن محمد فاضل بن محمد مأمين،
_d1246-1328 هجري
_eمؤلف.
245 1 2 _aالمرافق على الموافق /
_cأبي المودة الشريف ماء العينين بن محمد فاضل بن مامين ؛ خرج أحاديثه وعلق عليه وضبط نصه أبي عبيدة مشهور بن حسن آل سلمان.
250 _aالطبعة الأولى.
264 1 _aالدمام، السعودية :
_bدار ابن القيم للنشر والتوزيع،
_c2004
300 _a2 مجلد ؛
_c24 سم
336 _aنص
_btxt
_2rdacontent
_3كتاب
337 _aبدون وسيط
_bn
_2rdamedia
338 _aمجلد
_bnc
_2rdacarrier
650 7 _aأصول الفقه الإسلامي
_2aucsh
700 1 _aآل سليمان، مشهور بن حسن،
_d1380 هجري-
_eمخرج أحاديث.
942 _2ddc
_cBOOK
_n0
949 _aSA-JeALM
_d241029
_ueid123
_n1
999 _c1885
_d1885